Logo BPK

Biblioteka

Politechniki Koszalińskiej

Prakticeskij kurs jazyka Paskal' dlja mikro-EVM / (Rekord nr 23212)

Szczegóły MARC
000 -ETYKIETA REKORDU
podpole kontrolne o stałej długości 00450nam a2200157 i 4500
001 - NUMER KONTROLNY REKORDU
pole kontrolne bg
040 ## - ŹRÓDŁO KATALOGOWANIA
Instytucja, która utworzyła rekord BPK
041 ## - KOD JĘZYKA
Kod języka tekstu pol
080 ## - UNIWERSALNA KLASYFIKACJA DZIESIĘTNA - UKD
UKD 681.322.06
008 - POLE O STAŁEJ DŁUGOŚCI - DANE KONTROLNE
podpole kontrolne o stałej długości s pl f |000 0 pol
100 1# - NAZWA OSOBOWA
Nazwa osobowa GRAHAM, Roger
245 #0 - TYTUŁ/ODPOWIEDZIALNOŚĆ
Tytuł Prakticeskij kurs jazyka Paskal' dlja mikro-EVM /
Pozostałe elementy strefy tytułu i oznaczenia odpowiedzialności R. Grechem ; perev. s ang. I. V. Emelina.
260 ## - STREFA ADRESU WYDAWNICZEGO
Miejsce wydania Moskva :
Nazwa wydawcy/dystrybutora "Radio i Svjaz'",
Data publikacji, dystrybucji/powstania dokumentu 1986.
300 ## - STREFA OPISU FIZYCZNEGO
Objętość 198, 2 s. :
Inne cechy fizyczne rys., wykr. ;
Rozmiary 22 cm.
942 ## - DODATKOWE ELEMENTY (KOHA)
Typ dokumentu Książka
Egzemplarze
Wycofany Status egzemplarza Uszkodzony Dostępność Lokalizacja stała Lokalizacja bieżąca Miejsce przechowywania Sygnatura Kod kreskowy Typ dokumentu
      Dostępny Biblioteka Politechniki Koszalińskiej Biblioteka Politechniki Koszalińskiej Wypożyczalnia BG 33261 01579734 Książka
© 2023 Biblioteka Politechniki Koszalińskiej :: KOHA